[Event "Tata Steel Masters"]
[Date "2026.01.27"]
[White "Erdogmus, Yagiz Kaan"]
[Black "Gukesh D"]
[WhiteElo "2658"]
[BlackElo "2754"]
[Round "10.10.4"]
[Result "0-1"]

e4 {[%clk 01:59:59]} e5 {[%clk 01:59:53] [%emt 00:00:07]} Nf3 {[%clk 01:59:55]
[%emt 00:00:04]} Nc6 {[%clk 01:59:48] [%emt 00:00:06]} Nc3 {[%clk 01:59:46]
[%emt 00:00:09]} Nf6 {[%clk 01:59:41] [%emt 00:00:06]} Bb5 {[%clk 01:59:15]
[%emt 00:00:32]} Bb4 {[%clk 01:58:09] [%emt 00:01:33]} O-O {[%clk 01:59:06]
[%emt 00:00:09]} O-O {[%clk 01:58:03] [%emt 00:00:05]} Nd5 {[%clk 01:59:05]
[%emt 00:00:02]} Nxd5 {[%clk 01:43:00] [%emt 00:15:03]} exd5 {[%clk 01:59:02]
[%emt 00:00:02]} e4 {[%clk 01:37:55] [%emt 00:05:05]} Ne1 {[%clk 01:58:59] [%emt
00:00:04]} Nd4 {[%clk 01:33:45] [%emt 00:04:10]} a4 {[%clk 01:58:26] [%emt
00:00:33]} Nxb5 {[%clk 01:30:46] [%emt 00:02:59]} axb5 {[%clk 01:58:23] [%emt
00:00:02]} c6 {[%clk 01:27:41] [%emt 00:03:05]} c3 {[%clk 01:07:46] [%emt
00:50:37]} Bc5 {[%clk 01:12:13] [%emt 00:15:28]} d3 {[%clk 00:36:30] [%emt
00:31:17]} cxd5 {[%clk 01:12:07] [%emt 00:00:06]} Qb3 {[%clk 00:30:28] [%emt
00:06:01]} d6 {[%clk 01:07:54] [%emt 00:04:14]} Qxd5 {[%clk 00:27:05] [%emt
00:03:23]} Re8 {[%clk 01:00:23] [%emt 00:07:31]} dxe4 {[%clk 00:24:41] [%emt
00:02:24]} Be6 {[%clk 00:57:59] [%emt 00:02:24]} Qd3 {[%clk 00:23:19] [%emt
00:01:22]} Qc7 {[%clk 00:57:53] [%emt 00:00:06]} Be3 {[%clk 00:21:05] [%emt
00:02:14]} Bxe3 {[%clk 00:52:20] [%emt 00:05:32]} Qxe3 {[%clk 00:21:04] [%emt
00:00:02]} Bc4 {[%clk 00:52:13] [%emt 00:00:06]} Nd3 {[%clk 00:21:02] [%emt
00:00:02]} Bxb5 {[%clk 00:38:45] [%emt 00:13:29]} Rfe1 {[%clk 00:18:26] [%emt
00:02:36]} d5 {[%clk 00:35:28] [%emt 00:03:17]} Qc5 {[%clk 00:15:47] [%emt
00:02:39]} Qd7 {[%clk 00:28:41] [%emt 00:06:48]} Nb4 {[%clk 00:12:04] [%emt
00:03:43]} dxe4 {[%clk 00:28:17] [%emt 00:00:24]} c4 {[%clk 00:10:56] [%emt
00:01:08]} Ba4 {[%clk 00:27:01] [%emt 00:01:15]} Qa5 {[%clk 00:09:17] [%emt
00:01:40]} Bb3 {[%clk 00:13:45] [%emt 00:13:16]} Nd5 {[%clk 00:09:02] [%emt
00:00:15]} Bxc4 {[%clk 00:11:15] [%emt 00:02:30]} Nb6 {[%clk 00:08:56] [%emt
00:00:05]} axb6 {[%clk 00:11:12] [%emt 00:00:04]} Qxa8 {[%clk 00:08:53] [%emt
00:00:02]} Ba6 {[%clk 00:11:04] [%emt 00:00:08]} Rxa6 {[%clk 00:05:47] [%emt
00:03:07]} bxa6 {[%clk 00:10:56] [%emt 00:00:08]} Qxa6 {[%clk 00:05:45] [%emt
00:00:02]} Qd4 {[%clk 00:10:33] [%emt 00:00:22]} Qb5 {[%clk 00:04:58] [%emt
00:00:46]} Re5 {[%clk 00:10:11] [%emt 00:00:22]} Qb3 {[%clk 00:04:46] [%emt
00:00:12]} g6 {[%clk 00:08:14] [%emt 00:01:57]} Qc3 {[%clk 00:04:06] [%emt
00:00:40]} Qxc3 {[%clk 00:07:29]} bxc3 {[%clk 00:04:05]} Re6 {[%clk 00:04:07]
[%emt 00:03:22]} Kf1 {[%clk 00:03:09] [%emt 00:00:56]} f5 {[%clk 00:03:31] [%emt
00:00:36]} f3 {[%clk 00:01:33] [%emt 00:01:36]} Kf7 {[%clk 00:03:30] [%emt
00:00:01]} fxe4 {[%clk 00:01:29] [%emt 00:00:04]} Rxe4 {[%clk 00:03:18] [%emt
00:00:12]} Rb1 {[%clk 00:01:28]} Re6 {[%clk 00:03:13] [%emt 00:00:05]} c4 {[%clk
00:01:12] [%emt 00:00:16]} Ke7 {[%clk 00:02:24] [%emt 00:00:49]} Rb5 {[%clk
00:01:10] [%emt 00:00:01]} Rc6 {[%clk 00:01:53] [%emt 00:00:31]} Ke2 {[%clk
00:31:28] [%emt 00:00:12]} Kd7 {[%clk 00:32:11] [%emt 00:00:12]} Kf3 {[%clk
00:13:44] [%emt 00:18:15]} Kc7 {[%clk 00:31:40] [%emt 00:01:02]} Rb4 {[%clk
00:13:34] [%emt 00:00:41]} Rd6 {[%clk 00:29:17] [%emt 00:02:52]} Ra4 {[%clk
00:07:22] [%emt 00:06:42]} Kc6 {[%clk 00:27:48] [%emt 00:01:59]} Ra8 {[%clk
00:07:09] [%emt 00:00:43]} Kc5 {[%clk 00:25:38] [%emt 00:02:40]} Ra7 {[%clk
00:04:07] [%emt 00:03:32]} h5 {[%clk 00:24:58] [%emt 00:01:09]} Rc7+ {[%clk
00:02:50] [%emt 00:01:47]} Rc6 {[%clk 00:23:55] [%emt 00:01:33]} Rd7 {[%clk
00:02:16] [%emt 00:01:04]} Kxc4 {[%clk 00:24:13] [%emt 00:00:12]} Rd1 {[%clk
00:02:43] [%emt 00:00:03]} b5 {[%clk 00:24:03] [%emt 00:00:41]} Rc1+ {[%clk
00:03:06] [%emt 00:00:06]} Kd5 {[%clk 00:24:29] [%emt 00:00:04]} Rd1+ {[%clk
00:03:31] [%emt 00:00:06]} Kc5 {[%clk 00:24:52]}

[Site "Europe Echecs"]

[Event "Tata Steel Masters"]
[Date "2026.01.27"]
[White "Abdusattorov, Nodirbek"]
[Black "Fedoseev, Vladimir"]
[WhiteElo "2751"]
[BlackElo "2705"]
[Round "10.10.5"]
[Result "1/2-1/2"]

e4 {[%clk 01:59:47] [%emt 00:00:12]} e5 {[%clk 01:59:54] [%emt 00:00:07]} Nf3
{[%clk 01:59:09] [%emt 00:00:38]} Nf6 {[%clk 01:59:45] [%emt 00:00:09]} Nxe5
{[%clk 01:59:04] [%emt 00:00:05]} d6 {[%clk 01:59:36] [%emt 00:00:09]} Nf3
{[%clk 01:58:48] [%emt 00:00:16]} Nxe4 {[%clk 01:59:29] [%emt 00:00:07]} d4
{[%clk 01:58:45] [%emt 00:00:04]} d5 {[%clk 01:59:13] [%emt 00:00:16]} Bd3
{[%clk 01:58:38] [%emt 00:00:06]} Bd6 {[%clk 01:59:07] [%emt 00:00:06]} O-O
{[%clk 01:58:10] [%emt 00:00:28]} O-O {[%clk 01:58:57] [%emt 00:00:10]} c4
{[%clk 01:58:05] [%emt 00:00:06]} c6 {[%clk 01:58:51] [%emt 00:00:06]} Qc2
{[%clk 01:58:01] [%emt 00:00:05]} Nd7 {[%clk 01:53:46] [%emt 00:05:05]} Nc3
{[%clk 01:57:36] [%emt 00:00:24]} Ndf6 {[%clk 01:53:38] [%emt 00:00:08]} Re1
{[%clk 01:57:03] [%emt 00:00:33]} Be6 {[%clk 01:41:31] [%emt 00:12:07]} c5
{[%clk 01:53:01] [%emt 00:04:02]} Bc7 {[%clk 01:38:36] [%emt 00:02:55]} Ne5
{[%clk 01:51:20] [%emt 00:01:41]} Re8 {[%clk 01:32:08] [%emt 00:06:28]} h3
{[%clk 01:36:57] [%emt 00:14:23]} g6 {[%clk 01:27:03] [%emt 00:05:05]} Bh6
{[%clk 01:30:01] [%emt 00:06:56]} Bf5 {[%clk 01:22:00] [%emt 00:05:03]} g4
{[%clk 01:21:54] [%emt 00:08:07]} Be6 {[%clk 01:14:16] [%emt 00:07:45]} f3
{[%clk 01:01:57] [%emt 00:19:56]} Bxe5 {[%clk 01:00:13] [%emt 00:14:03]} dxe5
{[%clk 01:01:37] [%emt 00:00:20]} Nxc5 {[%clk 01:00:08] [%emt 00:00:05]} Bg5
{[%clk 00:53:09] [%emt 00:08:28]} Nxd3 {[%clk 00:58:24] [%emt 00:01:43]} Qxd3
{[%clk 00:45:57] [%emt 00:07:12]} Qb6+ {[%clk 00:58:16] [%emt 00:00:08]} Kg2
{[%clk 00:43:22] [%emt 00:02:35]} Qxb2+ {[%clk 00:52:33] [%emt 00:05:43]} Re2
{[%clk 00:32:47] [%emt 00:10:35]} Qxa1 {[%clk 00:52:24] [%emt 00:00:09]} Qd2
{[%clk 00:32:34] [%emt 00:00:13]} Nd7 {[%clk 00:48:42] [%emt 00:03:42]} Re1
{[%clk 00:31:08] [%emt 00:01:26]} Qxe1 {[%clk 00:48:28] [%emt 00:00:14]} Qxe1
{[%clk 00:31:07] [%emt 00:00:01]} f6 {[%clk 00:40:12] [%emt 00:08:16]} exf6
{[%clk 00:30:56] [%emt 00:00:11]} Bxg4 {[%clk 00:39:50] [%emt 00:00:22]} Qb1
{[%clk 00:30:12] [%emt 00:00:45]} Be6 {[%clk 00:35:17] [%emt 00:04:32]} Qxb7
{[%clk 00:30:10] [%emt 00:00:02]} Kf7 {[%clk 00:32:38] [%emt 00:02:39]} Kg3
{[%clk 00:27:17] [%emt 00:02:53]} h6 {[%clk 00:31:19] [%emt 00:01:19]} Bf4
{[%clk 00:18:40] [%emt 00:08:37]} g5 {[%clk 00:30:15] [%emt 00:01:03]} Bc7
{[%clk 00:17:27] [%emt 00:01:14]} Kg6 {[%clk 00:29:56] [%emt 00:00:19]} f7
{[%clk 00:16:19] [%emt 00:01:07]} Bxf7 {[%clk 00:26:00] [%emt 00:03:56]} Qxc6+
{[%clk 00:16:15] [%emt 00:00:05]} Nf6 {[%clk 00:25:54] [%emt 00:00:06]} Nb5
{[%clk 00:12:38] [%emt 00:03:38]} a6 {[%clk 00:18:56] [%emt 00:06:58]} Nd6
{[%clk 00:10:43] [%emt 00:01:55]} Re2 {[%clk 00:13:43] [%emt 00:05:12]} Nxf7
{[%clk 00:10:28] [%emt 00:00:15]} Ra7 {[%clk 00:13:23] [%emt 00:00:20]} f4
{[%clk 00:04:24] [%emt 00:06:04]} Kxf7 {[%clk 00:07:31] [%emt 00:05:52]} Qb6
{[%clk 00:04:24]} Ra8 {[%clk 00:07:04] [%emt 00:00:26]} Bd8 {[%clk 00:02:25]
[%emt 00:02:00]} gxf4+ {[%clk 00:02:18] [%emt 00:04:46]} Kxf4 {[%clk 00:30:33]
[%emt 00:02:22]} Nd7 {[%clk 00:30:35] [%emt 00:02:13]} Qc7 {[%clk 00:27:55]
[%emt 00:03:01]} Re4+ {[%clk 00:28:22] [%emt 00:02:50]} Kg3 {[%clk 00:26:23]
[%emt 00:01:59]} Ke8 {[%clk 00:27:38] [%emt 00:01:18]} Bh4 {[%clk 00:26:44]
[%emt 00:00:08]} Re6 {[%clk 00:28:00] [%emt 00:00:08]} Qb7 {[%clk 00:24:31]
[%emt 00:02:43]} Rb8 {[%clk 00:28:21] [%emt 00:00:09]} Qxd5 {[%clk 00:24:55]
[%emt 00:00:06]} Nf8 {[%clk 00:27:25] [%emt 00:01:25]} Bf6 {[%clk 00:20:16]
[%emt 00:05:09]} Kf7 {[%clk 00:26:18] [%emt 00:01:38]} Bd4 {[%clk 00:18:25]
[%emt 00:02:20]} Rbe8 {[%clk 00:20:23] [%emt 00:06:25]} a4 {[%clk 00:18:50]
[%emt 00:00:06]} Nh7 {[%clk 00:20:05] [%emt 00:00:49]} a5 {[%clk 00:16:42] [%emt
00:02:38]} Nf6 {[%clk 00:19:19] [%emt 00:01:15]} Qc4 {[%clk 00:15:01] [%emt
00:02:08]} Rg8+ {[%clk 00:17:27] [%emt 00:02:25]} Kh2 {[%clk 00:15:21] [%emt
00:00:10]} Rg5 {[%clk 00:17:05] [%emt 00:00:53]} Qc7+ {[%clk 00:15:29] [%emt
00:00:22]} Kg6 {[%clk 00:16:43] [%emt 00:00:52]} Qc2+ {[%clk 00:15:47] [%emt
00:00:11]} Kf7 {[%clk 00:16:11] [%emt 00:01:02]} Qc7+ {[%clk 00:16:11] [%emt
00:00:07]} Kg6 {[%clk 00:16:36] [%emt 00:00:04]}

[Site "Europe Echecs"]

[Event "Tata Steel Masters"]
[Date "2026.01.27"]
[White "Bluebaum, Matthias"]
[Black "Giri, Anish"]
[WhiteElo "2679"]
[BlackElo "2760"]
[Round "10.10.6"]
[Result "1-0"]

d4 {[%clk 01:59:57] [%emt 00:00:03]} g6 {[%clk 01:59:57] [%emt 00:00:03]} c4
{[%clk 01:59:47] [%emt 00:00:09]} Bg7 {[%clk 01:59:54] [%emt 00:00:02]} e4
{[%clk 01:59:36] [%emt 00:00:12]} d6 {[%clk 01:59:46] [%emt 00:00:09]} Nc3
{[%clk 01:59:17] [%emt 00:00:19]} c5 {[%clk 01:59:26] [%emt 00:00:20]} d5 {[%clk
01:56:03] [%emt 00:03:15]} Bxc3+ {[%clk 01:58:57] [%emt 00:00:29]} bxc3 {[%clk
01:56:01] [%emt 00:00:02]} e5 {[%clk 01:58:50] [%emt 00:00:06]} dxe6 {[%clk
01:51:13] [%emt 00:04:48]} Bxe6 {[%clk 01:58:37] [%emt 00:00:13]} Bd3 {[%clk
01:51:03] [%emt 00:00:10]} Nf6 {[%clk 01:57:57] [%emt 00:00:40]} Ne2 {[%clk
01:50:01] [%emt 00:01:02]} Nh5 {[%clk 01:55:55] [%emt 00:02:02]} O-O {[%clk
01:48:05] [%emt 00:01:56]} Nc6 {[%clk 01:53:43] [%emt 00:02:12]} f4 {[%clk
01:44:30] [%emt 00:03:35]} Bd7 {[%clk 01:31:53] [%emt 00:21:50]} h3 {[%clk
01:40:11] [%emt 00:04:19]} Qe7 {[%clk 01:30:36] [%emt 00:01:18]} g4 {[%clk
01:29:45] [%emt 00:10:26]} Ng7 {[%clk 01:12:50] [%emt 00:17:45]} f5 {[%clk
01:25:43] [%emt 00:04:03]} Qh4 {[%clk 01:12:41] [%emt 00:00:08]} Nf4 {[%clk
01:21:39] [%emt 00:04:04]} h5 {[%clk 01:09:21] [%emt 00:03:20]} Ng2 {[%clk
01:10:50] [%emt 00:10:49]} Qxh3 {[%clk 01:00:01] [%emt 00:09:20]} Rf3 {[%clk
01:05:57] [%emt 00:04:53]} Qxg4 {[%clk 00:59:53] [%emt 00:00:08]} Be2 {[%clk
01:05:53] [%emt 00:00:05]} gxf5 {[%clk 00:59:34] [%emt 00:00:18]} Re3 {[%clk
00:58:31] [%emt 00:07:22]} Qg5 {[%clk 00:59:22] [%emt 00:00:12]} exf5+ {[%clk
00:56:24] [%emt 00:02:08]} Ne7 {[%clk 00:59:18] [%emt 00:00:04]} Qxd6 {[%clk
00:53:43] [%emt 00:02:41]} Bc6 {[%clk 00:50:32] [%emt 00:08:46]} Re4 {[%clk
00:42:17] [%emt 00:11:25]} Qxg2+ {[%clk 00:41:19] [%emt 00:09:13]} Kxg2 {[%clk
00:42:14] [%emt 00:00:03]} Bxe4+ {[%clk 00:39:10] [%emt 00:02:10]} Kf2 {[%clk
00:42:01] [%emt 00:00:12]} Bxf5 {[%clk 00:37:23] [%emt 00:01:48]} Bg5 {[%clk
00:41:01] [%emt 00:01:00]}

[Site "Europe Echecs"]

[Event "Tata Steel Masters"]
[Date "2026.01.27"]
[White "Niemann, Hans Moke"]
[Black "Praggnanandhaa R"]
[WhiteElo "2725"]
[BlackElo "2758"]
[Round "10.10.7"]
[Result "1/2-1/2"]

e4 {[%clk 01:59:53] [%emt 00:00:06]} e6 {[%clk 01:58:45] [%emt 00:01:15]} d4
{[%clk 01:59:40] [%emt 00:00:13]} d5 {[%clk 01:58:39] [%emt 00:00:05]} Nc3
{[%clk 01:59:33] [%emt 00:00:09]} dxe4 {[%clk 01:58:15] [%emt 00:00:24]} Nxe4
{[%clk 01:59:01] [%emt 00:00:32]} Nd7 {[%clk 01:58:08] [%emt 00:00:07]} Nf3
{[%clk 01:56:41] [%emt 00:02:19]} Ngf6 {[%clk 01:57:56] [%emt 00:00:12]} Nxf6+
{[%clk 01:56:17] [%emt 00:00:25]} Nxf6 {[%clk 01:57:51] [%emt 00:00:05]} Be3
{[%clk 01:54:56] [%emt 00:01:21]} Nd5 {[%clk 01:57:38] [%emt 00:00:13]} Bd2
{[%clk 01:54:15] [%emt 00:00:41]} c5 {[%clk 01:57:29] [%emt 00:00:09]} Bb5+
{[%clk 01:53:03] [%emt 00:01:12]} Bd7 {[%clk 01:56:55] [%emt 00:00:34]} Bxd7+
{[%clk 01:52:26] [%emt 00:00:36]} Qxd7 {[%clk 01:56:50] [%emt 00:00:06]} c4
{[%clk 01:52:19] [%emt 00:00:06]} Nb6 {[%clk 01:56:31] [%emt 00:00:19]} Rc1
{[%clk 01:50:53] [%emt 00:01:25]} f6 {[%clk 01:56:17] [%emt 00:00:15]} dxc5
{[%clk 01:43:24] [%emt 00:07:29]} Bxc5 {[%clk 01:55:56] [%emt 00:00:20]} b4
{[%clk 01:42:35] [%emt 00:00:49]} Be7 {[%clk 01:55:39] [%emt 00:00:17]} O-O
{[%clk 01:41:56] [%emt 00:00:39]} O-O {[%clk 01:55:30] [%emt 00:00:09]} Qb3
{[%clk 01:38:27] [%emt 00:03:29]} Qa4 {[%clk 01:35:40] [%emt 00:19:51]} Nd4
{[%clk 01:31:42] [%emt 00:06:45]} Rfd8 {[%clk 01:29:02] [%emt 00:06:39]} Bc3
{[%clk 01:18:38] [%emt 00:13:04]} e5 {[%clk 01:20:57] [%emt 00:08:05]} Nf5
{[%clk 00:55:57] [%emt 00:22:40]} Bf8 {[%clk 01:19:11] [%emt 00:01:46]} Ne3
{[%clk 00:54:14] [%emt 00:01:42]} Qxb3 {[%clk 01:12:50] [%emt 00:06:23]} axb3
{[%clk 00:54:06] [%emt 00:00:08]} Kf7 {[%clk 01:12:38] [%emt 00:00:12]} Rfd1
{[%clk 00:52:55] [%emt 00:01:10]} Ke6 {[%clk 01:07:37] [%emt 00:05:01]} Kf1
{[%clk 00:52:40] [%emt 00:00:15]} g6 {[%clk 00:59:29] [%emt 00:08:09]} Ke2
{[%clk 00:49:48] [%emt 00:02:52]} Be7 {[%clk 00:42:09] [%emt 00:17:21]} b5
{[%clk 00:41:11] [%emt 00:08:36]} Bc5 {[%clk 00:38:05] [%emt 00:04:03]} Ra1
{[%clk 00:35:38] [%emt 00:05:34]} Rxd1 {[%clk 00:33:21] [%emt 00:04:43]} Nxd1
{[%clk 00:35:16] [%emt 00:00:22]} f5 {[%clk 00:31:49] [%emt 00:01:33]} g3 {[%clk
00:22:39] [%emt 00:12:37]} g5 {[%clk 00:23:47] [%emt 00:08:01]} b4 {[%clk
00:18:32] [%emt 00:04:07]} Be7 {[%clk 00:23:14] [%emt 00:00:32]} c5 {[%clk
00:17:57] [%emt 00:00:36]} Nd5 {[%clk 00:22:24] [%emt 00:00:49]} b6 {[%clk
00:16:49] [%emt 00:01:09]} a6 {[%clk 00:20:22] [%emt 00:02:02]} Bd2 {[%clk
00:16:14] [%emt 00:00:35]} e4 {[%clk 00:17:32] [%emt 00:02:49]} Ne3 {[%clk
00:14:38] [%emt 00:01:36]} Nxe3 {[%clk 00:14:16] [%emt 00:03:17]} Bxe3 {[%clk
00:14:33] [%emt 00:00:05]} Rd8 {[%clk 00:13:50] [%emt 00:00:24]} c6 {[%clk
00:10:28] [%emt 00:04:07]} bxc6 {[%clk 00:13:35] [%emt 00:00:15]} Rxa6 {[%clk
00:10:09] [%emt 00:00:19]} Rb8 {[%clk 00:12:02] [%emt 00:01:31]} Ra7 {[%clk
00:06:36] [%emt 00:03:33]} Bxb4 {[%clk 00:08:53] [%emt 00:03:09]} Bxg5 {[%clk
00:03:42] [%emt 00:02:55]} Bc5 {[%clk 00:07:11] [%emt 00:01:42]} Be3 {[%clk
00:03:26] [%emt 00:00:14]} Bxe3 {[%clk 00:06:55] [%emt 00:00:18]} Kxe3 {[%clk
00:33:52] [%emt 00:00:04]} Rxb6 {[%clk 00:37:20] [%emt 00:00:05]}

[Site "Europe Echecs"]

[Event "Tata Steel Masters"]
[Date "2026.01.30"]
[White "Van Foreest, Jorden"]
[Black "Abdusattorov, Nodirbek"]
[WhiteElo "2703"]
[BlackElo "2751"]
[Round "11.11.4"]
[Result "1/2-1/2"]

Nf3 {[%clk 01:59:53] [%emt 00:00:06]} Nf6 {[%clk 01:59:46] [%emt 00:00:15]} c4
{[%clk 01:59:42] [%emt 00:00:10]} c5 {[%clk 01:59:36] [%emt 00:00:10]} Nc3
{[%clk 01:58:39] [%emt 00:01:04]} e6 {[%clk 01:59:25] [%emt 00:00:10]} g3 {[%clk
01:56:52] [%emt 00:01:47]} b6 {[%clk 01:58:52] [%emt 00:00:33]} Bg2 {[%clk
01:56:29] [%emt 00:00:22]} Bb7 {[%clk 01:58:45] [%emt 00:00:07]} O-O {[%clk
01:56:13] [%emt 00:00:16]} Be7 {[%clk 01:58:38] [%emt 00:00:07]} d4 {[%clk
01:55:31] [%emt 00:00:42]} cxd4 {[%clk 01:58:29] [%emt 00:00:09]} Qxd4 {[%clk
01:55:24] [%emt 00:00:07]} O-O {[%clk 01:58:21] [%emt 00:00:08]} Rd1 {[%clk
01:53:14] [%emt 00:02:10]} d6 {[%clk 01:58:15] [%emt 00:00:06]} Bg5 {[%clk
01:52:23] [%emt 00:00:51]} Nbd7 {[%clk 01:56:52] [%emt 00:01:23]} Nb5 {[%clk
01:50:10] [%emt 00:02:13]} d5 {[%clk 01:56:27] [%emt 00:00:25]} cxd5 {[%clk
01:49:06] [%emt 00:01:05]} Bxd5 {[%clk 01:56:20] [%emt 00:00:07]} Nc3 {[%clk
01:39:36] [%emt 00:09:30]} Bc6 {[%clk 01:55:19] [%emt 00:00:58]} Rac1 {[%clk
01:34:58] [%emt 00:04:41]} Rc8 {[%clk 01:47:52] [%emt 00:07:27]} Qd2 {[%clk
01:29:45] [%emt 00:05:13]} b5 {[%clk 01:41:19] [%emt 00:06:33]} Bxf6 {[%clk
01:14:49] [%emt 00:14:55]} Nxf6 {[%clk 01:38:18] [%emt 00:03:01]} Qxd8 {[%clk
01:14:28] [%emt 00:00:21]} Rfxd8 {[%clk 01:38:14] [%emt 00:00:05]} Rxd8+ {[%clk
01:12:44] [%emt 00:01:44]} Rxd8 {[%clk 01:38:09] [%emt 00:00:05]} Ne5 {[%clk
01:12:37] [%emt 00:00:07]} Bxg2 {[%clk 01:36:14] [%emt 00:01:55]} Kxg2 {[%clk
01:12:30] [%emt 00:00:05]} Bf8 {[%clk 01:28:56] [%emt 00:07:19]} Nc6 {[%clk
01:08:15] [%emt 00:04:15]} Rd2 {[%clk 01:28:44] [%emt 00:00:12]} b4 {[%clk
01:01:56] [%emt 00:06:19]} a6 {[%clk 01:28:16] [%emt 00:00:28]} a3 {[%clk
01:00:17] [%emt 00:01:40]} g6 {[%clk 01:21:02] [%emt 00:07:13]} Nb8 {[%clk
00:53:25] [%emt 00:06:52]} Bh6 {[%clk 01:16:25] [%emt 00:04:37]} Rd1 {[%clk
00:51:56] [%emt 00:01:28]} Rc2 {[%clk 01:15:30] [%emt 00:00:55]} Rd3 {[%clk
00:51:51] [%emt 00:00:05]} e5 {[%clk 01:08:02] [%emt 00:07:28]} f3 {[%clk
00:44:44] [%emt 00:07:07]} Bd2 {[%clk 01:05:52] [%emt 00:02:10]} Nd5 {[%clk
00:43:28] [%emt 00:01:16]} Nxd5 {[%clk 01:04:37] [%emt 00:01:16]} Rxd5 {[%clk
00:43:25] [%emt 00:00:03]} Bc3 {[%clk 01:04:24] [%emt 00:00:13]} Kf1 {[%clk
00:43:16] [%emt 00:00:08]} Rc1+ {[%clk 01:04:20] [%emt 00:00:04]} Kg2 {[%clk
00:43:05] [%emt 00:00:11]} Rc2 {[%clk 01:04:17] [%emt 00:00:03]} Kf1 {[%clk
00:42:54] [%emt 00:00:10]} Rc1+ {[%clk 01:04:14] [%emt 00:00:03]} Kg2 {[%clk
00:42:49] [%emt 00:00:04]} Rc2 {[%clk 01:04:13] [%emt 00:00:02]}

[Site "Europe Echecs"]

[Event "Tata Steel Masters"]
[Date "2026.01.17"]
[White "Giri, Anish"]
[Black "Erdogmus, Yagiz Kaan"]
[WhiteElo "2760"]
[BlackElo "2658"]
[Round "11.11.6"]
[Result "1-0"]

d4 {[%clk 01:59:57] [%emt 00:00:02]} d5 {[%clk 01:59:56] [%emt 00:00:05]} c4
{[%clk 01:59:51] [%emt 00:00:05]} e6 {[%clk 01:59:53] [%emt 00:00:04]} Nf3
{[%clk 01:59:46] [%emt 00:00:04]} Nf6 {[%clk 01:59:48] [%emt 00:00:05]} Nc3
{[%clk 01:59:42] [%emt 00:00:04]} Be7 {[%clk 01:59:43] [%emt 00:00:06]} Bf4
{[%clk 01:59:36] [%emt 00:00:06]} O-O {[%clk 01:59:08] [%emt 00:00:35]} e3
{[%clk 01:59:32] [%emt 00:00:04]} c5 {[%clk 01:57:39] [%emt 00:01:30]} dxc5
{[%clk 01:59:14] [%emt 00:00:17]} Bxc5 {[%clk 01:57:13] [%emt 00:00:27]} Qc2
{[%clk 01:59:09] [%emt 00:00:05]} Nc6 {[%clk 01:56:16] [%emt 00:00:57]} a3
{[%clk 01:59:03] [%emt 00:00:05]} Qa5 {[%clk 01:51:51] [%emt 00:04:25]} Rd1
{[%clk 01:58:51] [%emt 00:00:12]} Be7 {[%clk 01:48:33] [%emt 00:03:18]} Be2
{[%clk 01:57:25] [%emt 00:01:25]} Ne4 {[%clk 01:47:44] [%emt 00:00:50]} cxd5
{[%clk 01:56:56] [%emt 00:00:29]} Nxc3 {[%clk 01:47:39] [%emt 00:00:05]} bxc3
{[%clk 01:56:50] [%emt 00:00:06]} exd5 {[%clk 01:47:35] [%emt 00:00:05]} O-O
{[%clk 01:56:43] [%emt 00:00:06]} Bf6 {[%clk 01:45:24] [%emt 00:02:12]} c4
{[%clk 01:52:31] [%emt 00:04:12]} dxc4 {[%clk 01:29:04] [%emt 00:16:20]} Bxc4
{[%emt 00:36:44]} Bf5 {[%clk 00:47:40] [%emt 00:08:43]} Qa2 {[%clk 01:45:34]
[%emt 00:02:52]} Be4 {[%clk 00:30:00] [%emt 00:17:41]} Nd2 {[%clk 01:00:57]
[%emt 00:44:37]} Bg6 {[%clk 00:26:41] [%emt 00:03:19]} Bb3 {[%clk 00:50:29]
[%emt 00:10:27]} Ne5 {[%clk 00:22:28] [%emt 00:04:14]} Bd5 {[%clk 00:45:42]
[%emt 00:04:46]} Bd3 {[%clk 00:15:14] [%emt 00:07:14]} Bxe5 {[%clk 00:43:31]
[%emt 00:02:12]} Bxe5 {[%clk 00:15:06] [%emt 00:00:07]} Nf3 {[%clk 00:43:09]
[%emt 00:00:21]} Bxf1 {[%clk 00:13:51] [%emt 00:01:16]} Nxe5 {[%clk 00:42:30]
[%emt 00:00:38]} Ba6 {[%clk 00:13:06] [%emt 00:00:45]} Nxf7 {[%clk 00:39:43]
[%emt 00:02:46]} Qc3 {[%clk 00:12:00] [%emt 00:01:06]} h4 {[%clk 00:34:21] [%emt
00:05:23]} g6 {[%clk 00:11:05] [%emt 00:00:56]} Be6 {[%clk 00:28:09] [%emt
00:06:11]} Rxf7 {[%clk 00:06:25] [%emt 00:04:40]} Bxf7+ {[%clk 00:28:02] [%emt
00:00:07]} Kh8 {[%clk 00:06:24]} Qe6 {[%clk 00:25:03] [%emt 00:02:59]} Bb5
{[%clk 00:04:30] [%emt 00:01:55]} Rd4 {[%clk 00:21:04] [%emt 00:03:58]} Qc1+
{[%clk 00:04:15] [%emt 00:00:15]} Kh2 {[%clk 00:21:00] [%emt 00:00:03]} Qc7+
{[%clk 00:04:11] [%emt 00:00:03]} Rf4 {[%clk 00:19:27] [%emt 00:01:33]} Qc3
{[%clk 00:04:11] [%emt 00:00:01]} Qe7 {[%clk 00:18:35] [%emt 00:00:51]}

[Site "Europe Echecs"]